| 000 | 00743nam a2200205Ii 4500 | ||
|---|---|---|---|
| 003 | JO-AjNU | ||
| 008 | 230606s9999||||xx |||||||||||||| ||und|| | ||
| 020 | _a978-84-16982-06-6 | ||
| 040 |
_aJO-AjNU _beng _erda _cJO-AjNU |
||
| 041 | _aeng | ||
| 050 | 1 | 4 | _aRT69.2016 |
| 100 | 3 |
_aEswi, Abeer Saad , Boubaker Zarrad, _eauthor _95670 |
|
| 245 | 0 | 0 | _aTuning Moyen-Orient et Afrique du Nord: Les Points de Reference Pour la Conception et la Prestation de Programmes d'Etudes Universitaires en Sciences Infirmieres |
| 264 | 3 | 1 | _aBilbao: Universite de Deusto, 2016 |
| 300 | _a67P | ||
| 336 |
_atext _btxt _2rdacontent |
||
| 337 |
_aunmediated _bn _2rdamedia |
||
| 338 |
_avolume _bnc _2rdacarrier |
||
| 650 | 4 |
_aNursing - study and education _95671 |
|
| 999 |
_aE2933 _c2931 _d2931 |
||